00657nam a2200193Ia 4500003000900000008004100009040001600050080001600066100002300082245010400105260005300209300001600262650002600278650001900304650002600323942000700349999001500356952009200371IN-BaIIA211028s9999 xx 000 0 eng d cIIA Library a5(091)bBOS aBose, D. M.910349 2aA concise history of science in IndiacD. M. Bose  aNew DelhibIndian National Science Academyc1971 axvii, 689p. aHistory-science92468 aNASA Thesaurus aScience-history92970 cBK c5966d5966 00104070aBANbBANcGENd1978-09-27l0o5(091)/ BOSp6664r2021-11-05w1978-09-27yBK